000 00781nam a22002417a 4500
003 URS
005 20260408105013.0
020 _a978-0-32382-540-5
040 _cURS
_bEnglish
_erda
050 0 0 _aQM602
_b.L931 2025
100 1 _aLoukas, Marios,
_eauthor.
245 1 0 _aNetter's photographic anatomy companion /
_cMarios Loukas, Shane R. Tubbs.
250 _a1st edition.
264 _aTeterboro, N.J. :
_bElsevier
_c©2025.
300 _a213 pages :
_bcolor illustrations ;
_c28 cm.
336 _atext
_btxt
_2rdacontent
337 _aunmediated
_bn
_2rdamedia
338 _avolume
_bnc
_2rdacarrier
500 _aInclude index.
655 7 _aAtlases.
_2lcgft
_0https://id.loc.gov/authorities/genreForms/gf2011026058
700 _aTubbs, Shane R.,
_eauthor.
_96752
942 _2lcc
_cR
999 _c99127
_d99124